| 000 | 00395pab a2200169 454500 | ||
|---|---|---|---|
| 008 | 180718b2012 xxu||||| |||| 00| 0 eng d | ||
| 100 | _aVombatkere, S.G. | ||
| 245 | _aNational sovereignty and the military | ||
| 260 | _c2012 | ||
| 300 | _ap.5-6,32. | ||
| 362 | _a10 Mar | ||
| 650 | _aSovereignty - India | ||
| 650 | _aSovereignty | ||
| 773 | _aMainstream | ||
| 908 | _aN | ||
| 909 | _a95310 | ||
| 999 |
_c95310 _d95310 |
||